000 00890 a2200217 4500
005 20260313170252.0
008 260313b |||||||| |||| 00| 0 eng d
020 _a9789348409768 (hbk)
037 _cTB
040 _aCRL
_cCRL
041 _2hin
_ahin
084 _aO152,1M89,18 R5
_qCRL
100 _aमुक्तिबोध, गजानन माधव
_9861181
245 _aकामायनी :
_bएक पुनर्विचार
260 _aदिल्ली, भारत:
_bअनन्य प्रकाशन,
_c2025.
300 _a197पृ.
650 _aहिन्दी कविता
650 _aहिन्दी साहित्य
942 _cTB
_2CC
_hO152,1M89,18 R5
999 _c1466797
_d1466797